000 00494nam a2200169Ia 4500
008 090201s9999 xx 000 0 und d
010 _aKPL-21292
040 _bमराठी
041 _aमराठी
082 _a18495
_b21292
100 _aपु भा भावे
245 _aरांगोळी
_cपु भा भावे
260 _c2004
_bनागपुर प्रकाशन
300 _a184
_bमोठा
600 _aरांगोळी
942 _cBOOK
999 _c218357
_d218357